000 00737nam a2200277 a 4500
003 AR-BaBNM
005 20251128204848.0
008 082120s2002 ||||||||||||||000 | spa||
020 _a968-16-3493-4
040 _cAR-BaBNM
100 1 _aMistral, Gabriela
245 0 0 _aInvitación a Gabriela Mistral
_b1889-1989
250 _a1ª ed.
260 _aMéxico, D.F.
_bFondo de Cultura Económica
_c1990
300 _a270 p.
490 0 _aTierra firme
500 _aContiene índice general en p. 267-270
650 4 _aLITERATURA CHILENA
650 4 _aPOESIA
650 4 _aCRITICA LITERARIA
650 4 _aENSAYO
655 _aLITERATURA
700 1 _aRodríguez Valdés, Gladys
_ecompilador
942 _cBK
998 _cisola
999 _c9088
_d9088